| 000 | 00345nam a22001457a 4500 | ||
|---|---|---|---|
| 005 | 20160430114350.0 | ||
| 008 | 160430b xxu||||| |||| 00| 0 eng d | ||
| 041 | _aeng | ||
| 082 | _b1042 | ||
| 100 |
_aPunjab Technical Institute. _9330 |
||
| 245 | _aCorporate legal Envoroment MBA 302 | ||
| 300 | _a365 | ||
| 650 |
_aManagement _9241 |
||
| 942 | _cBK | ||
| 999 |
_c379 _d379 |
||